[Event "83rd ch-FRA w"]
[Site "Pau FRA"]
[Date "2008.08.16"]
[Round "6"]
[White "Delorme,L"]
[Black "Lallemand,R"]
[Result "1/2-1/2"]
[WhiteElo "2155"]
[BlackElo "2285"]
[EventDate "2008.08.11"]

1. d4 d6 2. c4 Nd7 3. Nc3 e5 4. e4 g6 5. Nf3 Bg7 6. Be2 exd4 7. Nxd4 Ngf6
8. O-O O-O 9. Be3 c6 10. Qd2 Re8 11. f3 Qe7 12. Rac1 Nc5 13. b4 Ne6 14. Nb3
b6 15. a4 Bb7 16. a5 d5 17. cxd5 cxd5 18. a6 Bc6 19. b5 d4 20. Nxd4 Nxd4
21. Bxd4 Bd7 22. e5 Nh5 23. Nd5 Qh4 24. Bf2 Qd8 25. Nc7 Bxe5 26. Nxa8 Bf4
27. Qd4 Bxc1 28. Rxc1 Rxe2 29. Rd1 Qxa8 30. Qxd7 Re8 31. Qb7 Rb8 32. Qd7
Re8 33. Bh4 Nf4 34. Bf6 Ne6 35. Rd6 Nf8 36. Qh3 Re1+ 37. Kf2 Qe8 38. Qh6
Re2+ 39. Kg3 Rxg2+ 40. Kxg2 Qe2+ 41. Kg3 Qe1+ 42. Kg2 Qe2+ 43. Kg3 1/2-1/2

[Event "83rd ch-FRA w"]
[Site "Pau FRA"]
[Date "2008.08.16"]
[Round "6"]
[White "Muller,Ann"]
[Black "Leconte,M"]
[Result "0-1"]
[WhiteElo "2179"]
[BlackElo "2346"]
[EventDate "2008.08.11"]

1. e4 Nc6 2. Nf3 d6 3. d4 Nf6 4. Nc3 Bg4 5. Be3 e5 6. Be2 Be7 7. O-O O-O 8.
a3 exd4 9. Nxd4 Ne5 10. h3 Bd7 11. f4 Ng6 12. Qd2 Re8 13. Bf2 c5 14. Nb3
Bc6 15. Bf3 Bf8 16. Rfe1 Nd7 17. Rad1 a5 18. a4 Nb6 19. Ra1 Nc4 20. Qc1 Qf6
21. Bg3 Nh4 22. Bg4 Ng6 23. Bf3 Qd8 24. Nd2 Nb6 25. Nf1 Be7 26. Ne3 Bh4 27.
Bxh4 Nxh4 28. Qd1 f5 29. Ned5 Nxf3+ 30. Qxf3 fxe4 31. Rxe4 Nxd5 32. Rxe8+
Qxe8 33. Nxd5 Qe6 34. c4 Re8 35. Kh2 Qe4 36. Qxe4 Rxe4 37. Rd1 Kf7 38. b3
Rd4 39. Ne3 Be4 40. Re1 Rd2 41. Kg1 Rb2 42. Nd5 Rxg2+ 43. Kf1 Bxd5 44. cxd5
Rd2 45. Re3 Rxd5 46. Kf2 Rd4 47. Kf3 d5 48. Rc3 b6 49. Kg4 Rd1 50. Kf5 d4
51. Rg3 Re1 0-1

[Event "83rd ch-FRA w"]
[Site "Pau FRA"]
[Date "2008.08.16"]
[Round "6"]
[White "Guichard,P"]
[Black "Benmesbah,N"]
[Result "1-0"]
[WhiteElo "2284"]
[BlackElo "2210"]
[EventDate "2008.08.11"]

1. d4 Nf6 2. c4 c5 3. d5 e6 4. Nc3 exd5 5. cxd5 d6 6. e4 g6 7. h3 Bg7 8.
Nf3 O-O 9. Bd3 b5 10. a3 a6 11. O-O Nbd7 12. Re1 Qe7 13. Bc2 Nh5 14. Bg5
Bf6 15. Bxf6 Qxf6 16. Qc1 Nf4 17. Re3 Ne5 18. Nxe5 dxe5 19. Ne2 g5 20. Bd1
c4 21. Qc3 Bd7 22. Ng3 Kh8 23. Bg4 Ra7 24. Bxd7 Rxd7 25. a4 Re8 26. axb5
axb5 27. b3 Rc7 28. Qa5 Rec8 29. bxc4 bxc4 30. Nf5 h6 31. d6 Rd7 32. Qa6
Rcd8 33. Qxc4 Rxd6 34. Nxd6 Rxd6 35. Qc8+ Rd8 36. Qf5 Qxf5 37. exf5 Rd5 38.
Rae1 f6 39. Ra1 Rd7 40. Ra8+ Kg7 41. Rea3 Ne2+ 42. Kf1 Nd4 43. R3a7 Rxa7
44. Rxa7+ Kg8 45. g4 h5 46. Rd7 hxg4 47. Rxd4 exd4 48. hxg4 Kf7 49. Ke2 Ke7
50. Kd3 Kd7 51. Kxd4 Kc6 52. Ke3 Kd7 53. Kd3 Kc7 54. Kc4 Kd6 55. Kb5 Kd5
56. Kb6 Kd6 57. Kb7 Kd7 58. f3 Kd6 59. Kc8 Ke5 60. Kd7 Kf4 61. Ke6 Kxf3 62.
Kxf6 Kxg4 63. Kg6 Kh4 64. f6 g4 65. f7 g3 66. f8=Q g2 67. Qf2+ Kh3 68. Qg1
1-0

[Event "83rd ch-FRA w"]
[Site "Pau FRA"]
[Date "2008.08.16"]
[Round "6"]
[White "Collas,S"]
[Black "Flear,C"]
[Result "1-0"]
[WhiteElo "2370"]
[BlackElo "2133"]
[EventDate "2008.08.11"]

1. c4 Nf6 2. Nf3 e6 3. Nc3 d5 4. d4 dxc4 5. e4 Bb4 6. Bg5 b5 7. a4 Bb7 8.
e5 h6 9. Bd2 Bxc3 10. Bxc3 Nd5 11. axb5 Nd7 12. Bxc4 N7b6 13. Bf1 O-O 14.
Bd2 Ne7 15. Bd3 Bxf3 16. Qxf3 Qxd4 17. Bc3 Qd7 18. O-O Nbd5 19. Qe4 Ng6 20.
Rfd1 Qe7 21. Bd4 Qg5 22. g3 Ndf4 23. Bf1 Qg4 24. Kh1 Rad8 25. gxf4 Nxf4 26.
f3 Qh4 27. Be3 Rxd1 28. Rxd1 Ng6 29. Qxh4 Nxh4 30. f4 1-0

[Event "83rd ch-FRA w"]
[Site "Pau FRA"]
[Date "2008.08.18"]
[Round "7"]
[White "Milliet,S"]
[Black "Muller,Ann"]
[Result "1-0"]
[WhiteElo "2357"]
[BlackElo "2179"]
[EventDate "2008.08.11"]

1. e4 c5 2. Nc3 Nc6 3. Bb5 Nd4 4. Bc4 e6 5. Nge2 Nf6 6. O-O a6 7. d3 b5 8.
Bb3 Nxb3 9. axb3 Bb7 10. Bg5 Be7 11. e5 Ng4 12. Bxe7 Qxe7 13. d4 d6 14. h3
Nh6 15. Ng3 cxd4 16. Qxd4 dxe5 17. Qxe5 f6 18. Qh5+ Qf7 19. Qc5 Rc8 20. Qd6
Qe7 21. Rad1 Nf7 22. Qb6 O-O 23. Rfe1 Rc6 24. Qe3 Qc7 25. Rd2 Rd8 26. Nd5
Rxd5 27. Rxd5 Ne5 28. Rd2 Rxc2 29. Rxc2 Qxc2 30. Qc3 Qxc3 31. bxc3 Bd5 32.
b4 Nd3 33. Ra1 Nf4 34. Rxa6 Nxg2 35. Rb6 Nf4 36. Kh2 Bc4 37. Ne4 Nd5 38.
Rb8+ Kf7 39. Nd6+ Ke7 40. Nxb5 Bxb5 41. Rxb5 Nxc3 42. Rb7+ Kd6 43. Rxg7 Nd5
44. b5 Kc5 45. Rxh7 Kxb5 46. h4 Kc5 47. h5 1-0

[Event "83rd ch-FRA w"]
[Site "Pau FRA"]
[Date "2008.08.18"]
[Round "7"]
[White "Verot,M"]
[Black "Delorme,L"]
[Result "0-1"]
[WhiteElo "2125"]
[BlackElo "2155"]
[EventDate "2008.08.11"]

1. c4 e5 2. Nc3 Nf6 3. Nf3 Nc6 4. a3 d5 5. cxd5 Nxd5 6. d3 Be7 7. g3 O-O 8.
Bg2 Nb6 9. b4 Be6 10. Bb2 Nd4 11. O-O Bb3 12. Qd2 Nc4 13. Qc1 Nxf3+ 14.
Bxf3 Bg5 15. e3 Qxd3 16. Be2 Qf5 17. Nb5 Nxb2 18. Qxb2 Ba4 19. Nxc7 Rac8
20. Bb5 Bc2 21. Nd5 Be4 22. f4 exf4 23. Nc3 Bf6 24. Rxf4 Bxc3 25. Qe2 Bxa1
26. Rxf5 Bxf5 27. Qf1 Bg4 28. Qxa1 Rfd8 29. Qb2 Rd1+ 30. Kf2 Rcd8 31. h3
R1d2+ 32. Qxd2 Rxd2+ 33. Ke1 Rd5 34. Bc4 Rd1+ 0-1

[Event "83rd ch-FRA w"]
[Site "Pau FRA"]
[Date "2008.08.18"]
[Round "7"]
[White "Lallemand,R"]
[Black "Guichard,P"]
[Result "1-0"]
[WhiteElo "2285"]
[BlackElo "2284"]
[EventDate "2008.08.11"]

1. e4 c5 2. Nf3 Nc6 3. Nc3 e5 4. Bc4 Be7 5. d3 Nf6 6. Ng5 O-O 7. f4 d5 8.
exd5 Bg4 9. Nf3 Nd4 10. O-O exf4 11. Bxf4 a6 12. a4 Re8 13. Qd2 Bxf3 14.
gxf3 Nh5 15. Be3 Bf6 16. Ne4 b6 17. Rae1 Qd7 18. b4 Qxa4 19. bxc5 Nxc2 20.
cxb6 Nxe1 21. Rxe1 Qd7 22. Nc5 Qf5 23. b7 Rab8 24. d6 Qxf3 25. d7 Re5 26.
Qg2 Qxg2+ 27. Kxg2 Bd8 28. d4 Re7 29. Bd2 Rxe1 30. Bxe1 Nf4+ 31. Kf3 Nh5
32. Bd5 Nf6 33. Bc6 a5 34. Bg3 Nxd7 35. Nxd7 Ra8 36. Ke4 1-0

[Event "83rd ch-FRA w"]
[Site "Pau FRA"]
[Date "2008.08.18"]
[Round "7"]
[White "Flear,C"]
[Black "Congiu,M"]
[Result "1/2-1/2"]
[WhiteElo "2133"]
[BlackElo "2196"]
[EventDate "2008.08.11"]

1. d4 d5 2. c4 c6 3. Nc3 e5 4. dxe5 d4 5. Ne4 Qa5+ 6. Bd2 Qxe5 7. Ng3 Nf6
8. Nf3 Qd6 9. Qc2 Be7 10. e3 dxe3 11. Bxe3 Ng4 12. Bd4 O-O 13. Be2 c5 14.
Bc3 Nc6 15. Rd1 Qe6 16. Nh5 Nb4 17. Qb1 Qg6 18. Bxb4 Qxh5 19. Rd5 Qh6 20.
Bc3 Be6 21. Rd1 Rad8 22. O-O Bd6 23. h3 Nf6 24. Be5 Bxe5 25. Nxe5 Qf4 26.
Nd3 Qxc4 27. b3 Qe4 28. Bf3 Qf5 29. Rfe1 b6 30. Re5 Qg6 31. Nf4 Qxb1 32.
Rxb1 Rd2 33. Nxe6 fxe6 34. Rxe6 Rxa2 35. Re7 Rf7 36. Rbe1 Rxe7 37. Rxe7
Ra1+ 38. Kh2 Rb1 39. Be2 Kf8 40. Re3 Rb2 41. Kg3 Nd5 42. Rf3+ Ke7 43. Bc4
Rd2 44. Rf5 Nf6 45. Re5+ Kd6 46. Re6+ Kd7 47. Re5 Kc6 48. Re6+ Rd6 49. Re7
b5 50. Be2 Rd7 51. Re6+ Kd5 52. Ra6 Ne4+ 53. Kf4 Nc3 54. Bg4 Rf7+ 55. Ke3
Re7+ 56. Kd3 b4 57. f4 c4+ 58. bxc4+ Kc5 59. Be6 Rb7 60. Bc8 Rc7 61. Bg4 g6
62. h4 Rb7 63. Bc8 Rc7 64. Bg4 Rb7 65. Bc8 Rc7 1/2-1/2

[Event "83rd ch-FRA w"]
[Site "Pau FRA"]
[Date "2008.08.18"]
[Round "7"]
[White "Leconte,M"]
[Black "Skripchenko,A"]
[Result "1-0"]
[WhiteElo "2346"]
[BlackElo "2463"]
[EventDate "2008.08.11"]

1. e4 c5 2. c3 Nf6 3. e5 Nd5 4. d4 cxd4 5. Nf3 Nc6 6. cxd4 d6 7. Bc4 e6 8.
O-O Be7 9. Qe2 O-O 10. Nc3 Nxc3 11. bxc3 dxe5 12. dxe5 Qa5 13. Qe4 Rb8 14.
Bd3 g6 15. Rd1 Rd8 16. Bg5 Bxg5 17. Nxg5 Qxe5 18. Qh4 Qg7 19. Ne4 Rf8 20.
Nf6+ Kh8 21. Re1 e5 22. Re3 Rd8 23. Be4 Be6 24. g4 h6 25. g5 h5 26. Bf3 Qf8
27. Bxh5 Kg7 28. Bxg6 Qh8 29. Bh7 Kf8 30. Rf3 Ke7 31. Qa4 Kd6 32. Be4 Ra8
33. Qa3+ Kc7 34. Bxc6 bxc6 35. Qa5+ Kc8 36. Qa6+ Kc7 37. Rb1 Rdb8 38. Qa5+
Kc8 39. Qa6+ Kc7 40. Qa5+ Kc8 41. Rd1 Rb5 42. Qa4 Kc7 43. Rfd3 a5 44. Qe4
a4 45. Rd6 Rc5 46. Qb4 Rb5 47. Qe4 Ra6 48. c4 Rc5 49. Rxe6 fxe6 50. Rd7+
Kb6 51. Qb1+ Rb5 52. cxb5 cxb5 53. Qc1 Qb8 54. g6 1-0

[Event "83rd ch-FRA w"]
[Site "Pau FRA"]
[Date "2008.08.18"]
[Round "7"]
[White "Benmesbah,N"]
[Black "Collas,S"]
[Result "1/2-1/2"]
[WhiteElo "2210"]
[BlackElo "2370"]
[EventDate "2008.08.11"]

1. e4 c5 2. Nf3 e6 3. b3 Nc6 4. Bb2 d5 5. Bb5 Nge7 6. O-O dxe4 7. Ne5 Bd7
8. Nxd7 Qxd7 9. Qg4 a6 10. Bc4 f5 11. Qh5+ Ng6 12. f3 b5 13. fxe4 bxc4 14.
exf5 exf5 15. Na3 cxb3 16. Rae1+ Kf7 17. Nc4 Rb8 18. axb3 Kg8 19. Rxf5 Nce7
20. Rxc5 h6 21. Ne5 Qxd2 22. Bc3 Qd6 23. b4 Rb5 24. Nc4 Rxc5 25. bxc5 Qf4
26. Nd6 Kh7 27. g3 Qa4 28. Nf7 Qxc2 29. Bd4 Qf5 30. Qxf5 Nxf5 31. Nxh8 Nxd4
32. Nxg6 Bxc5 33. Nf8+ Bxf8 34. Ra1 Be7 35. Rxa6 h5 36. Kg2 Bf6 37. Rd6 Kg6
38. Rd5 Kh6 39. Ra5 g5 40. Rd5 Kg6 41. Ra5 g4 42. Rd5 Nf3 43. Ra5 Be5 44.
Ra6+ Kg5 45. h4+ Nxh4+ 46. gxh4+ Kxh4 47. Rg6 g3 48. Rxg3 1/2-1/2

[Event "83rd ch-FRA w"]
[Site "Pau FRA"]
[Date "2008.08.19"]
[Round "8"]
[White "Skripchenko,A"]
[Black "Milliet,S"]
[Result "1/2-1/2"]
[WhiteElo "2463"]
[BlackElo "2357"]
[EventDate "2008.08.11"]

1. e4 c5 2. Nf3 d6 3. d4 cxd4 4. Nxd4 Nf6 5. Nc3 g6 6. g3 Nc6 7. Bg2 Nxd4
8. Qxd4 Bg7 9. O-O O-O 10. Qb4 a5 11. Qb3 Be6 12. Qxb7 Nd7 13. Qb5 Rb8 14.
Qe2 Qc7 15. Nd5 Bxd5 16. exd5 Bxb2 17. Bxb2 Rxb2 18. Qxe7 Rxc2 19. h4 Ne5
20. Qf6 h5 21. a4 Qc5 22. Rab1 Ng4 23. Qf3 Qd4 24. Qe4 Qxe4 25. Bxe4 Rc4
26. Bg2 Rxa4 27. Rb6 Rd8 28. Re1 Ra2 29. f3 Nf6 30. Rb5 Rc8 31. Bf1 Rc3 32.
Re2 Raa3 33. Bg2 Rcb3 34. Rb2 Rxb2 35. Rxb2 Rd3 36. Rb6 Rxd5 37. Ra6 Kg7
38. Bf1 Nd7 39. Kf2 Nc5 40. Ra7 a4 41. Bc4 Rf5 42. Ke3 Re5+ 43. Kd4 Nb3+
44. Bxb3 axb3 45. Rb7 Kf6 46. Rxb3 Ke6 47. Rb8 Ra5 48. Re8+ Kd7 49. Re3 Ra1
50. Ke4 Rg1 51. Kf4 f6 52. Ra3 Rc1 53. Ra7+ Rc7 54. Ra8 Rc4+ 55. Ke3 Ke6
56. Rg8 Kf5 57. Rd8 Rc3+ 58. Ke2 Rc2+ 59. Ke3 Rc3+ 60. Ke2 Rc6 61. Ke3 Ra6
62. Rd7 Ra3+ 63. Ke2 Ra6 64. Rd8 Ke5 65. Re8+ Kd4 66. Re4+ Kd5 67. Re8 Ra2+
68. Ke3 Ra3+ 69. Ke2 Ra2+ 70. Kf1 Kd4 71. Re6 d5 72. g4 hxg4 73. fxg4 f5
74. Rxg6 fxg4 75. Rxg4+ Ke3 76. Rg3+ Kf4 77. Rb3 Rh2 78. Ke1 Ke4 79. Ra3
Rxh4 80. Kd2 Rh2+ 81. Kd1 Rf2 82. Ra4+ Kd3 83. Ra3+ Kc4 84. Rh3 d4 85. Rg3
Rb2 86. Rh3 Ra2 1/2-1/2

[Event "83rd ch-FRA w"]
[Site "Pau FRA"]
[Date "2008.08.19"]
[Round "8"]
[White "Congiu,M"]
[Black "Benmesbah,N"]
[Result "0-1"]
[WhiteElo "2196"]
[BlackElo "2210"]
[EventDate "2008.08.11"]

1. e4 c5 2. c3 d5 3. exd5 Qxd5 4. d4 Nf6 5. Nf3 e6 6. Bd3 Be7 7. O-O O-O 8.
Bc2 Nc6 9. a3 Rd8 10. Be3 Ng4 11. h3 Nxe3 12. fxe3 Qh5 13. b4 cxd4 14. exd4
a5 15. Nbd2 e5 16. b5 exd4 17. bxc6 dxc3 18. Qb1 cxd2 19. cxb7 Bxb7 20.
Bxh7+ Qxh7 21. Qxb7 Bc5+ 22. Kh1 Ra7 23. Qb5 Qc2 24. Rad1 Be3 25. Ne5 Rc7
26. Ng4 Qc5 27. Qb3 Bg5 28. Qg3 Qc3 29. Rf3 Qc2 30. Rff1 Qc4 31. h4 Qxf1+
32. Rxf1 Rc1 33. hxg5 Rxf1+ 34. Kh2 d1=Q 35. Nf6+ Rxf6 0-1

[Event "83rd ch-FRA w"]
[Site "Pau FRA"]
[Date "2008.08.19"]
[Round "8"]
[White "Guichard,P"]
[Black "Collas,S"]
[Result "0-1"]
[WhiteElo "2284"]
[BlackElo "2370"]
[EventDate "2008.08.11"]

1. d4 Nf6 2. c4 e6 3. Nf3 d5 4. Nc3 dxc4 5. e3 a6 6. a4 b6 7. Bxc4 Bb7 8.
O-O Nbd7 9. Qe2 Bb4 10. Bd3 Qe7 11. e4 c5 12. e5 Nd5 13. Bg5 f6 14. exf6
gxf6 15. Bd2 Rg8 16. Nxd5 Bxd5 17. Bxb4 cxb4 18. Be4 Qd6 19. Rfe1 Kf7 20.
Bxh7 Rg4 21. g3 Qf4 22. Nh4 Nf8 23. Bd3 Qg5 24. Ng2 Rxd4 25. Ne3 Bb7 26.
Rac1 Rd7 27. Nc4 Qd5 28. Be4 Qxe4 29. Qxe4 Bxe4 30. Rxe4 Rb8 31. Ne3 a5 32.
Rc6 b5 33. axb5 Rxb5 34. Nc4 Rd1+ 35. Kg2 f5 36. Re2 Kf6 37. Ra6 Ra1 38.
Nd6 Rd5 39. Ne8+ Ke7 40. Nc7 Rd6 41. Ra8 a4 42. Rc2 Ra2 43. Rb8 b3 44. Re2
Rd7 45. Nb5 f4 46. gxf4 Ng6 47. Kf3 Rd3+ 48. Kg4 Ra1 49. Re3 Rd2 50. Rb6
Rg1+ 51. Kf3 Nh4+ 52. Ke4 Nf5 53. Rc3 Rxb2 54. Rc7+ Kf6 55. Nc3 Re1+ 56.
Kd3 a3 57. Nd5+ Kg6 58. Ne3 Nxe3 59. fxe3 Kf5 60. Rc5+ Kg4 61. Ke4 Rbe2 62.
Rg5+ Kh4 63. Rxb3 a2 64. Ra3 Rxe3+ 65. Rxe3 Rxe3+ 66. Kxe3 a1=Q 67. Ke4
Qe1+ 68. Kd4 Qd2+ 69. Ke4 Qxh2 70. Ke5 Qe2+ 71. Kf6 Qe4 72. Re5 Qxf4+ 73.
Kxe6 Kg4 74. Kd5 Qd2+ 75. Ke6 Qd4 76. Rd5 Qc4 77. Ke5 Kf3 78. Rd4 Qc3 79.
Kd5 Ke3 80. Re4+ Kd3 81. Rf4 Qa5+ 82. Ke6 Ke3 83. Rf5 Qb6+ 84. Kd5 Qb5+ 85.
Ke6 Qc6+ 86. Ke5 Qd7 87. Rf6 Qd4+ 88. Ke6 Ke4 89. Ke7 Ke5 90. Re6+ Kf5 91.
Rc6 Qb4+ 92. Kd7 Ke5 93. Kc7 Kd5 94. Ra6 Qe7+ 95. Kc8 Kc5 96. Kb8 Kb5 97.
Ra7 Qd6+ 0-1

[Event "83rd ch-FRA w"]
[Site "Pau FRA"]
[Date "2008.08.19"]
[Round "8"]
[White "Delorme,L"]
[Black "Leconte,M"]
[Result "0-1"]
[WhiteElo "2155"]
[BlackElo "2346"]
[EventDate "2008.08.11"]

1. d4 d5 2. c4 e6 3. Nf3 c6 4. Bg5 Nf6 5. Nc3 Nbd7 6. cxd5 exd5 7. e3 Be7
8. Bd3 O-O 9. Qc2 Re8 10. Bf4 Nf8 11. h3 c5 12. Bb5 cxd4 13. Nxd4 Bd7 14.
O-O Bxb5 15. Ncxb5 Rc8 16. Qb3 a6 17. Nc3 b5 18. Bg5 Ne6 19. Bxf6 Bxf6 20.
Qxd5 Nxd4 21. exd4 Bxd4 22. Rfd1 Qxd5 23. Nxd5 Bxb2 24. Rab1 Ba3 25. Rd3
Bf8 26. Rb2 Rc1+ 27. Kh2 Rc6 28. Ne3 Bc5 29. Nf5 g6 30. Nh4 Bd6+ 31. g3 Be5
32. Rbd2 Bf6 33. Nf3 Rc3 34. Kg2 Rxd3 35. Rxd3 Kg7 36. g4 h6 37. h4 b4 38.
g5 hxg5 39. hxg5 Bc3 40. Kf1 Re6 41. Rd5 Rb6 42. Rc5 a5 43. Ke2 a4 44. a3
Bb2 45. axb4 Rxb4 46. Ra5 a3 47. Nd2 Rg4 48. Kd3 Rf4 49. f3 Rf5 50. Ra4 Bc1
51. Nc4 Rxf3+ 52. Kc2 Bxg5 53. Nxa3 f5 54. Nb5 Rf2+ 55. Kd1 Rd2+ 56. Ke1
Rd5 57. Nc7 Re5+ 58. Kf2 Bd8 59. Na6 Ra5 0-1

[Event "83rd ch-FRA w"]
[Site "Pau FRA"]
[Date "2008.08.20"]
[Round "9"]
[White "Milliet,S"]
[Black "Delorme,L"]
[Result "1/2-1/2"]
[WhiteElo "2357"]
[BlackElo "2155"]
[EventDate "2008.08.11"]

1. e4 e5 2. Nf3 Nc6 3. Bc4 Nf6 4. d3 Be7 5. O-O O-O 6. a4 d6 7. a5 a6 8. h3
Kh8 9. Nc3 Ng8 10. d4 Bf6 11. dxe5 Nxe5 12. Nxe5 Bxe5 13. Nd5 f5 14. f4 Bf6
15. exf5 Bxf5 16. c3 Ne7 17. Qf3 Nxd5 18. Bxd5 c6 19. Be4 Bxe4 20. Qxe4 Re8
21. Qf3 Qe7 22. Ra4 d5 23. Bd2 Qe2 24. Qxe2 Rxe2 25. Rf2 Rae8 26. Kf1
1/2-1/2

[Event "83rd ch-FRA w"]
[Site "Pau FRA"]
[Date "2008.08.20"]
[Round "9"]
[White "Collas,S"]
[Black "Congiu,M"]
[Result "1-0"]
[WhiteElo "2370"]
[BlackElo "2196"]
[EventDate "2008.08.11"]

1. d4 d5 2. c4 c6 3. Nc3 Nf6 4. e3 g6 5. Nf3 Bg7 6. Be2 O-O 7. O-O h6 8.
Bd2 Be6 9. c5 Ne4 10. b4 Bf5 11. Rc1 g5 12. b5 a6 13. bxa6 bxa6 14. Na4 Nd7
15. Be1 e6 16. Nd2 e5 17. Nb3 g4 18. Bxg4 Bxg4 19. Qxg4 f5 20. Qe2 f4 21.
f3 Ng5 22. dxe5 Bxe5 23. exf4 Bxf4 24. Bd2 Qc7 25. Bxf4 Rxf4 26. Nb2 Raf8
27. Nd3 R4f6 28. Kh1 a5 29. Nd4 Qc8 30. Rfe1 Nb8 31. Rb1 Na6 32. Rb6 Nb4
33. Nxb4 axb4 34. Rxb4 Rf4 35. Qe5 Qa6 36. Nxc6 Rxb4 37. Qxd5+ 1-0

[Event "83rd ch-FRA w"]
[Site "Pau FRA"]
[Date "2008.08.20"]
[Round "9"]
[White "Verot,M"]
[Black "Guichard,P"]
[Result "1-0"]
[WhiteElo "2125"]
[BlackElo "2284"]
[EventDate "2008.08.11"]

1. d4 Nf6 2. Nf3 e6 3. c4 d5 4. Nc3 Be7 5. e3 O-O 6. Bd3 b6 7. O-O Bb7 8.
cxd5 exd5 9. Qc2 c5 10. Ne5 Nc6 11. a3 Bd6 12. Nf3 Re8 13. b3 Na5 14. Bb5
Re7 15. dxc5 bxc5 16. Be2 d4 17. Nb5 Be4 18. Bd3 dxe3 19. Bxe4 exf2+ 20.
Rxf2 Nxe4 21. Re2 Qd7 22. Nxd6 Nxd6 23. Rxe7 Qxe7 24. Bg5 Qe4 25. Qc3 Nab7
26. Re1 Qd5 27. Re5 Qc6 28. Be7 f6 29. Bxd6 Qxd6 30. Qc4+ Kh8 31. Rd5 Qe7
32. Qb5 Rd8 33. Qxb7 Qe3+ 34. Kh1 Re8 35. Rd1 Qe2 36. Qd7 h6 37. Qd2 Qb5
38. Qd3 Qa5 39. a4 Qb4 40. h3 Rb8 41. Nd2 Qb6 42. Nc4 Qxb3 43. Qxb3 Rxb3
44. Rd5 Rb4 45. Rxc5 Rxa4 46. Rc7 Ra1+ 47. Kh2 Rc1 48. Rc6 Kh7 49. Kg3 Ra1
50. Nd6 h5 51. Rc7 Ra5 52. Ne8 Rg5+ 53. Kh2 Kh6 54. Rxa7 h4 55. Nd6 Rd5 56.
Nc4 Rd3 57. Ra3 Rd7 58. Kg1 Kg5 59. Rf3 f5 60. Ne5 Rd5 61. Nd3 Rd4 62. Ne1
Ra4 63. Rc3 Kf4 64. Nd3+ Kg5 65. Kf2 Ra2+ 66. Kf3 Ra4 67. Rb3 Rd4 68. Ke3
Re4+ 69. Kf2 Ra4 70. Rb2 Kh5 71. Rb5 Kg5 72. Rb4 Ra2+ 73. Kf3 Ra3 74. Rd4
Rc3 75. Ke2 Rc2+ 76. Kf1 Rd2 77. Ne1 Ra2 78. Nf3+ Kf6 79. Rxh4 g5 80. Rh6+
Kg7 81. Rc6 g4 82. hxg4 fxg4 83. Ne5 g3 84. Rg6+ Kh7 85. Rxg3 Ra5 86. Nf3
Ra2 87. Rg5 Kh6 88. Rd5 Rb2 89. Rd2 Rb3 90. Kf2 Kg6 91. Rd5 Rb2+ 92. Kg3
Kf6 93. Kh3 Ke6 94. Ra5 Kf6 95. g4 Rb1 96. Kg3 Kg6 97. Rd5 Kf6 98. Kf4 Rb4+
99. Rd4 Rb1 100. Rd6+ Ke7 101. Ra6 Kf7 102. Kg5 Rb2 103. Ne5+ Kg8 104. Kg6
Rb8 105. g5 Kh8 106. Rf6 Kg8 107. Nd7 Rd8 108. Rf8+ 1-0

[Event "83rd ch-FRA w"]
[Site "Pau FRA"]
[Date "2008.08.20"]
[Round "9"]
[White "Benmesbah,N"]
[Black "Muller,Ann"]
[Result "0-1"]
[WhiteElo "2210"]
[BlackElo "2179"]
[EventDate "2008.08.11"]

1. e4 c5 2. Nf3 d6 3. d4 cxd4 4. Nxd4 Nf6 5. Nc3 e6 6. Bg5 h6 7. Bh4 Be7 8.
Qd2 a6 9. O-O-O b5 10. f3 Bb7 11. Bf2 Nbd7 12. g4 Rc8 13. Kb1 Nb6 14. h4
Nfd7 15. Bd3 g6 16. Rh3 Ne5 17. Rf1 Nbc4 18. Bxc4 Nxc4 19. Qd3 b4 20. Nd1
e5 21. Ne2 d5 22. exd5 Bxd5 23. Re1 Bb7 24. f4 Nd2+ 25. Kc1 Qxd3 26. Rxd3
Nf3 27. fxe5 Nxe1 28. Bxe1 Be4 29. Rd2 Bf3 30. Nf2 Bxh4 31. Nd4 Bxf2 32.
Rxf2 Bxg4 33. Bxb4 h5 34. Nb3 h4 35. Nc5 h3 36. Rh2 Rd8 37. Nd3 Rh5 38. Bd6
Bf5 39. Nf4 Rg5 40. b3 Rc8 41. c4 Rg1+ 42. Kd2 Kd7 43. Ke3 Rh8 44. c5 g5
45. Nd5 Be6 46. Nf6+ Kc6 47. Kf2 Ra1 48. Kg3 Rh4 49. Rd2 h2 50. Rxh2 Rxh2
51. Kxh2 Rxa2+ 52. Kg1 Bxb3 53. Ng8 Ba4 54. Nh6 Bb3 55. Ng8 Be6 56. Ne7+
Kb5 57. c6 a5 58. c7 Rc2 59. Ng8 a4 60. Nf6 a3 61. Bxa3 Rxc7 62. Ne4 g4 63.
Kf2 Kc4 64. Ke3 Kd5 65. Bd6 Rc4 66. Nf6+ Kc6 67. Ne4 Rc1 68. Ba3 Re1+ 69.
Kd4 Bd5 70. Ng3 Rg1 71. Ne2 Ra1 72. Bd6 Bf3 73. Ng3 Rg1 74. Nf5 Rd1+ 75.
Ke3 Re1+ 76. Kf2 Re2+ 77. Kg3 Kd5 78. Kf4 Re4+ 79. Kg3 Ra4 80. Ne3+ Ke6 81.
Bc7 Re4 82. Nf1 Rc4 83. Bb8 Rc8 84. Ba7 Kxe5 85. Ne3 f5 0-1

[Event "83rd ch-FRA w"]
[Site "Pau FRA"]
[Date "2008.08.20"]
[Round "9"]
[White "Flear,C"]
[Black "Skripchenko,A"]
[Result "0-1"]
[WhiteElo "2133"]
[BlackElo "2463"]
[EventDate "2008.08.11"]

1. d4 Nf6 2. Nf3 c5 3. d5 b5 4. Bg5 Qb6 5. Bxf6 gxf6 6. e4 d6 7. Nh4 Nd7 8.
f4 c4 9. Qf3 Nc5 10. Nd2 Qa5 11. Be2 Rg8 12. Qe3 f5 13. e5 Qb6 14. Nf1 dxe5
15. fxe5 Bb7 16. Nxf5 Bxd5 17. O-O-O Be4 18. Qf4 Rxg2 19. Nd6+ exd6 20.
exd6 Rxe2 21. Qe5+ Kd7 22. Nd2 Re8 23. Qh5 Bxh1 24. Qxf7+ Kc6 25. Nf3 Bxf3
26. d7 Rd8 27. Qxf3+ Re4 28. Qf5 Bh6+ 29. Kb1 Rxd7 0-1

[Event "83rd ch-FRA w"]
[Site "Pau FRA"]
[Date "2008.08.20"]
[Round "9"]
[White "Leconte,M"]
[Black "Lallemand,R"]
[Result "1-0"]
[WhiteElo "2346"]
[BlackElo "2285"]
[EventDate "2008.08.11"]

1. e4 g6 2. d4 d6 3. Nc3 Bg7 4. f4 Nf6 5. Nf3 O-O 6. Bd3 Nc6 7. O-O Bg4 8.
e5 dxe5 9. dxe5 Nd5 10. Qe1 Ndb4 11. Be4 Bf5 12. Bxf5 gxf5 13. Qf2 a5 14.
a3 Na6 15. Rd1 Qc8 16. Nd5 h6 17. c4 Re8 18. Bd2 a4 19. Bc3 Kh8 20. Rd3 b6
21. e6 Qxe6 22. Re1 Qg6 23. Nh4 Qh7 24. Bxg7+ Kxg7 25. Rg3+ Kh8 26. Qe3 Rg8
27. Qc3+ e5 28. fxe5 Rxg3 29. hxg3 Nc5 30. Nf6 Qg7 31. Nh5 Qg4 32. e6+ Qd4+
33. Qxd4+ Nxd4 34. e7 Ne4 35. Rxe4 fxe4 36. Nf6 Ne2+ 37. Kf1 Nc1 38. e8=Q+
Rxe8 39. Nxe8 Nd3 40. Nxc7 Nxb2 41. Nb5 Nxc4 42. Nf5 Kh7 43. Nfd6 Ne5 44.
Nc3 Kg6 45. Nxa4 Nd7 46. Nxe4 Kf5 47. Nd6+ Ke6 48. Nc8 b5 49. Nc3 Nc5 50.
Na7 Ke5 51. Naxb5 f5 52. Ne2 Ke4 53. Nf4 Ke5 54. Ke2 Ne4 55. Nh5 Nc5 56.
Ke3 Na4 57. Nd4 Nb2 58. Nf3+ Ke6 59. Kd4 Kf7 60. Ne5+ Ke6 61. Nd3 Nd1 62.
a4 1-0

[Event "83rd ch-FRA w"]
[Site "Pau FRA"]
[Date "2008.08.21"]
[Round "10"]
[White "Verot,M"]
[Black "Leconte,M"]
[Result "1/2-1/2"]
[WhiteElo "2125"]
[BlackElo "2346"]
[EventDate "2008.08.11"]

1. d4 Nf6 2. Nf3 e6 3. c4 b6 4. Nc3 Bb4 5. Bg5 h6 6. Bh4 Bb7 7. e3 Bxc3+ 8.
bxc3 d6 9. Be2 Nbd7 10. O-O Qe7 11. Qa4 O-O 12. Qc2 e5 13. Nd2 Rfe8 14.
Rae1 Nf8 15. f3 Ng6 16. Bg3 exd4 17. exd4 Qe3+ 18. Kh1 Nh5 19. Bf2 Qg5 20.
Ne4 Qd8 21. Bd3 Nhf4 22. Ng3 Nh4 23. Rxe8+ Qxe8 24. Be4 Bxe4 25. Nxe4 Nhxg2
26. Rg1 f5 27. Ng3 Qc6 28. d5 Qxc4 29. Rxg2 Nxg2 30. Kxg2 Qxd5 1/2-1/2

[Event "83rd ch-FRA w"]
[Site "Pau FRA"]
[Date "2008.08.21"]
[Round "10"]
[White "Skripchenko,A"]
[Black "Benmesbah,N"]
[Result "1-0"]
[WhiteElo "2463"]
[BlackElo "2210"]
[EventDate "2008.08.11"]

1. e4 c5 2. Nf3 d6 3. Bb5+ Nd7 4. O-O Ngf6 5. d4 cxd4 6. Qxd4 a6 7. Bxd7+
Nxd7 8. Nc3 e6 9. Rd1 f6 10. a4 Qc7 11. Be3 Be7 12. h3 Rb8 13. Qa7 O-O 14.
a5 Bd8 15. Bb6 Qc6 16. Bxd8 Rxd8 17. Nd4 Qc4 18. Na4 Kf7 19. b3 Qc7 20. Nb6
Nc5 21. f3 d5 22. Nc6 Qxc6 23. Qxb8 Re8 24. exd5 exd5 25. Nxd5 Bxh3 26.
Qc7+ Bd7 27. Qxc6 Bxc6 28. Kf2 Re5 29. Nb4 Bb5 30. Re1 Rg5 31. Re3 Ne6 32.
g3 Nd4 33. Re4 Nf5 34. g4 Ne7 35. Rae1 Ng6 36. Rd1 f5 37. Rd5 fxe4 38. Rxg5
exf3 39. Kxf3 h6 40. Rc5 Kf6 41. Rc7 Ne5+ 42. Kg3 Nc6 43. c4 1-0

[Event "83rd ch-FRA w"]
[Site "Pau FRA"]
[Date "2008.08.21"]
[Round "10"]
[White "Delorme,L"]
[Black "Flear,C"]
[Result "1/2-1/2"]
[WhiteElo "2155"]
[BlackElo "2133"]
[EventDate "2008.08.11"]

1. d4 f5 2. c4 Nf6 3. Nf3 g6 4. Nc3 Bg7 5. g3 O-O 6. Bg2 d6 7. O-O Qe8 8.
Nd5 Nxd5 9. cxd5 Nd7 10. Qc2 Nb6 11. Qxc7 Nxd5 12. Qc4 e6 13. Qb3 b5 14.
Bd2 a5 15. Rac1 Bb7 16. Qd3 1/2-1/2

[Event "83rd ch-FRA w"]
[Site "Pau FRA"]
[Date "2008.08.21"]
[Round "10"]
[White "Guichard,P"]
[Black "Congiu,M"]
[Result "1/2-1/2"]
[WhiteElo "2284"]
[BlackElo "2196"]
[EventDate "2008.08.11"]

1. e4 e6 2. d4 d5 3. exd5 exd5 4. Bf4 Bd6 5. Bxd6 Qxd6 6. Bd3 Ne7 7. c3 Bf5
8. Nf3 Bxd3 9. Qxd3 Qe6+ 10. Qe3 Qxe3+ 11. fxe3 Nf5 12. Kf2 Nd7 13. Nbd2
Nd6 14. Rhe1 O-O 15. e4 dxe4 16. Nxe4 Nxe4+ 17. Rxe4 1/2-1/2